عرض عادي
عرض مارك
- Vocabulary
مدخل مصطلح موضوعي
001 - رقم الضبط
- حقل الضبط: 56848
003 - معرف رقم الضبط
- حقل الضبط: OSt
005 - تاريخ ووقت أخر عملية
- حقل الضبط: 20161127133006.0
008 - عناصر بيانات ثابتة الطول
- حقل تحكم ثابت الطول: 161127|| aca||aabn | a|a d
040 ## - مصدر الفهرسة
- هيئة الفهرسة الأصلية: OSt
- وكالة الكتابة: OSt
150 ## - مدخل-- مصطلح تاريخي
- عنصر مدخل المصطلح الموضوعي او الاسم الجغرافي: Vocabulary
- تفريع شكلي: Problems, exercises, etc
670 ## - بيانات المصدر موجوده
- الاستشهاد بالمصدر: Work cat.: (OSt)1708: McCarthy, Michael, 1947- 6272, English vocabulary in use :, 2002.
